The Impact of Microbes Associated with Vertebrate Carrion on Attraction and Colonization by Cochliomyia macellaria (Fabricius) (Diptera: Calliphoridae) /

Bibliographic Details
Main Author: Flint, Casey Ann (Author)
Other Authors: Tomberlin, Jeffery (Thesis advisor)
Format: Thesis eBook
Language:English
Published: [College Station, Texas] : [Texas A&M University], [2023]
Subjects:
Online Access:Link to OAKTrust copy

MARC

Tag First Indicator Second Indicator Subfields
LEADER 00000nam a22000001i 4500
001 in00005463421
008 240819s2023 txu∎∎∎∎ obm 000 0 eng d
006 m fo d
007 cr unu||||||||
005 20240820145844.3
035 |a 1452679094 
040 |a TXA  |c TXA  |b eng  |e rda  |e pn 
035 |a (TxCM)https://hdl.handle.net/1969.1/197105 
099 |a 2022  |a Dissertation 
049 |a TXAM 
100 1 |a Flint, Casey Ann,  |e author. 
245 1 4 |a The Impact of Microbes Associated with Vertebrate Carrion on Attraction and Colonization by Cochliomyia macellaria (Fabricius) (Diptera: Calliphoridae) /  |c by Casey Flint. 
264 1 |a [College Station, Texas] :  |b [Texas A&M University],  |c [2023] 
300 |a 1 online resource. 
336 |a text  |b txt  |2 rdacontent 
337 |a computer  |b c  |2 rdamedia 
338 |a online resource  |b cr  |2 rdacarrier 
347 |a text file  |b PDF  |2 rda 
500 |a "Major Subject: Entomology" 
500 |a Includes vita. 
502 |b Doctor of Philosophy  |c Texas A&M University  |d 2022  |o https://hdl.handle.net/1969.1/197105 
504 |a Includes bibliographical references. 
516 |a Text (Dissertation) 
520 3 |a Biotic and abiotic factors that affect insect colonization of a carrion resource have been vastly studied. Such information is used to inform the time of colonization or post-colonization interval, which is crucial for determining the time since death (i.e., postmortem interval [PMI]). However, little is known about the period in which insects detect, locate, and assess the carrion resource (pre-colonization interval [pre-CI]). A key factor suspected to play a crucial role in regulating such responses during the pre-CI, but also relatively under-studied, is the microbiome of the host at the time of death. Microbes are known to produce volatile organic compounds (VOCs), which flies use as cues to locate these resources. Deciphering the factors regulating insect attraction and colonization could provide valuable data leading to accurate determination of the true PMI. A dual-choice cube olfactometer was tested for use with adult Cochliomyia macellaria as a study species which provided optimal parameters to use during future experiments related to adjustment time, trial length, sugar and water presence or absence, and mesh type used in the olfactometer. To investigate the impact of the carrion microbiome on insect attraction, responses of adult male, gravid and non-gravid Cochliomyia macellaria to xenic (i.e., with a microbiome) and axenic (i.e., without a microbiome) mice were determined. Adults significantly preferred the xenic, rather than the axenic, mouse by an overall average of 15% with the largest difference on day 4 (40% difference). In conjunction with the behavioral assessment of the blow fly, VOC profiles were also assessed to determine which compounds were produced by each mouse treatment. Each treatment produced a distinct VOC profile, and seven indicator compounds were identified for the xenic mouse with six being microbially derived. In addition to these findings, an oviposition assay was conducted with the treatments resulting in a ~90% reduction in oviposition without microbial presence on the carrion resource. Results indicate microbial presence on a carrion resource is an important factor for blow fly attraction and acceptance of a carrion resource for reproduction. Data provide an important foundation for further research on insect-microbe interactions in decomposition related to the pre-CI. The electronic version of this dissertation is accessible from https://hdl.handle.net/1969.1/197105 
588 |a Description from author supplied metadata (automated record created 2023-02-07 10:34:27). 
650 4 |a Major Entomology 
653 |a Decomposition Ecology 
653 |a Insect Behavior 
700 1 |a Tomberlin, Jeffery,  |e thesis advisor. 
710 2 |a Texas A&M University,  |e degree granting institution. 
856 4 0 |3 Texas A&M University  |u https://hdl.handle.net/1969.1/197105  |z Link to OAKTrust copy  |t 0 
999 f f |s 6b15b4c1-5898-4d8a-8bb2-9f5c2b92b8ff  |i 9d4fb29b-bb40-458f-afe4-2c8dcf20b5f1  |t 0 
952 f f |a Texas A&M University  |b College Station  |c Electronic Resources  |d Available Online  |t 0 
998 f f |t 0  |l Available Online